Breve historia del mundo

Saved in:
Bibliografiske detaljer
Hovedforfatter: Gombrich, Ernst Hans (autor)
Format: Bog
Sprog:spansk
Udgivet: Barcelona Grup 2003
Udgivelse:11a. ed
Serier:Atalaya, 38
Fag:
Tags: Tilføj Tag
Ingen Tags, Vær først til at tagge denne postø!

MARC

LEADER 00000nam a2200000 a 4500
001 UCK3476
003 CL-VaPUC
008 050429e20030000SP |||||||||||||||||spa|d
020 |a 8483072327 
082 0 4 |a 909  |b GOM  |2 21 
100 |a Gombrich, Ernst Hans  |e autor  |9 598146 
245 1 0 |a Breve historia del mundo 
250 |a 11a. ed 
300 |a 310 p 
942 |c BK 
945 |d 20050429 00:00:00  |a cmena 
260 |a Barcelona  |b Grup  |c 2003 
650 0 |a Historia universal  |9 266877 
583 |a last modification  |c 20170830 16:17:55  |k Rodrigo Vera 
490 0 |a Atalaya, 38 
999 |c 312618  |d 312616 
952 |0 0  |1 0  |4 0  |6 909_000000000000000_GOM_2003  |7 0  |8 A  |9 383168  |a BIBHIS  |b BIBHIS  |d 2019-11-21  |i 4730801  |o 909 GOM 2003  |p 4730801  |r 2025-01-20  |w 2019-11-21  |y BK  |k HIS